|
|
|
|
| LEADER |
01565nam a2200325 a 4500 |
| 001 |
7047 |
| 003 |
BD-DhAAL |
| 008 |
091006s1993 dcua 000 0 eng d |
| 999 |
|
|
|c 4288
|d 4288
|
| 010 |
|
|
|a 93070803
|
| 020 |
|
|
|a 188283920X
|
| 040 |
|
|
|a ACT
|c ACT
|d AEU
|d BD-DhAAL
|
| 082 |
0 |
0 |
|a 362.1
|2 20
|
| 100 |
1 |
|
|a Richardson, Paul.
|9 30069
|
| 245 |
1 |
0 |
|a Primary Health Care Management Advancement Programme.
|p Computers :
|b manager's guide /
|c Paul Richardson.
|
| 246 |
3 |
0 |
|a Computers :
|b manager's guide
|
| 260 |
|
|
|a Washington, DC :
|b Aga Khan Foundation,
|c 1993.
|
| 300 |
|
|
|a iii, 76 pages :
|b illustrations ;
|c 21 cm.
|
| 500 |
|
|
|a "PHC MAP is a collaborative programme of the Aga Khan Health Network and PRICOR"--P. i.
|
| 541 |
1 |
|
|e 00007047
|
| 650 |
|
0 |
|a Health services administration.
|9 30070
|
| 650 |
|
|
|a Primary health care
|x Data processing.
|9 30071
|
| 650 |
|
0 |
|a Computers.
|9 30072
|
| 710 |
2 |
|
|a Primary Health Care Management Advancement Programme.
|9 30073
|
| 710 |
2 |
|
|a Aga Khan Foundation.
|9 30074
|
| 830 |
|
0 |
|a PHC MAP series of modules, guides and reference materials.
|9 30075
|
| 852 |
4 |
|
|a Ayesha Abed Library
|j General Stacks
|
| 942 |
|
|
|2 ddc
|c BK
|
| 952 |
|
|
|0 0
|1 0
|2 ddc
|4 0
|6 362_100000000000000_PRI
|7 0
|9 3958
|a BRACUL
|b BRACUL
|c GEN
|d 2009-10-07
|g 0.00
|l 1
|o 362.1 PRI
|p 3010007047
|r 2023-06-25
|s 2017-09-20
|t 1
|w 2009-10-07
|y BK
|x No price found in the accession register.
|
| 952 |
|
|
|0 0
|1 0
|2 ddc
|4 0
|6 362_100000000000000_PRI
|7 0
|9 18288
|a BRACUL
|b BRACUL
|c GEN
|d 2009-10-07
|g 0.00
|l 0
|o 362.1 PRI
|p 3010007048
|r 2011-09-29
|t 2
|w 2011-09-29
|y BK
|x No price found in the accession register.
|